Biblioteca y Centro de Documentación

The union for the mediterranean, or the changing contex of Euuro-Mediterranean relations (Registro nro. 42004)

Detalles MARC
000 -CABECERA
Longitud fija campo de control 00939naa a2200265 c 4500
001 - NÚMERO DE CONTROL
Número de control 42004
003 - IDENTIFICADOR DE NÚMERO DE CONTROL
Identificador del número de control ES-MaCES
005 - FECHA Y HORA DE LA ÚLTIMA TRANSACCIÓN
Fecha y hora de la última transacción 20141221114206.0
008 - CAMPO FIJO DE DESCRIPCIÓN FIJA--INFORMACIÓN GENERAL
Códigos de información de longitud fija   110810n2011 xxk t 000 | eng d
035 ## - NÚMERO DE CONTROL DEL SISTEMA
Número de control del sistema CES20110008963v
040 ## - FUENTE DE CATALOGACIÓN
Centro catalogador de origen ES-MaCES
Lengua de catalogación spa
Centro transcriptor ES-MaCES
100 1# - ENCABEZAMIENTO PRINCIPAL--NOMBRE PERSONAL
Nombre de persona Bicci, Federica
9 (RLIN) 7735
245 14 - MENCIÓN DE TÍTULO
Título The union for the mediterranean, or the changing contex of Euuro-Mediterranean relations
Mención de responsabilidad, etc. Federica Bicci
500 ## - NOTA GENERAL
Nota general Resumen
650 #4 - ASIENTO SECUNDARIO DE MATERIA--TÉRMINO DE MATERIA
Término de materia o nombre geográfico como elemento inicial espacio social europeo
9 (RLIN) 30775
650 #4 - ASIENTO SECUNDARIO DE MATERIA--TÉRMINO DE MATERIA
Término de materia o nombre geográfico como elemento inicial política comunitaria
9 (RLIN) 30776
650 #4 - ASIENTO SECUNDARIO DE MATERIA--TÉRMINO DE MATERIA
Término de materia o nombre geográfico como elemento inicial adhesión de miembros
9 (RLIN) 30972
650 #4 - ASIENTO SECUNDARIO DE MATERIA--TÉRMINO DE MATERIA
Término de materia o nombre geográfico como elemento inicial ayuda bilateral
9 (RLIN) 26637
650 #4 - ASIENTO SECUNDARIO DE MATERIA--TÉRMINO DE MATERIA
Término de materia o nombre geográfico como elemento inicial relaciones internacionales
9 (RLIN) 26675
653 10 - TÉRMINO DE INDEXACIÓN--NO CONTROLADO
Término no controlado Mercado Único Europeo
773 0# - ENTRADA DE DOCUMENTO FUENTE
Título Mediterranean politics
Parte(s) relacionada(s) v. 16, n. 1 (Mar. 2011){55/964 R. 079076}; p. 3-19
Número de control del registro relacionado (ES-MaCES)25926
Itemnumber del ítem fuente 77872
902 ## - CES. TIPO DE DOCUMENTO
Tipodoc (006$c Sirtex) ART Artículo de revista
942 ## - ELEMENTOS KOHA
Fuente de clasificaión o esquema Clasificación propia del CES
Koha [por defecto] tipo de item Artículos (1982-2017)
Parte de clasificación 1.0.

No hay ítems disponibles.

© CES, Consejo Económico y Social de España 2021